Кралете на Франция (Запис номер 109698)
[ съкратено ]
| 000 -Лидер | |
|---|---|
| Контролно поле с фиксирана дължина | 02350nam a2200517 c 4500 |
| 003 - Код на организацията, давaща контролен номер | |
| Контролно поле | BLK |
| 005 - Дата и час на последна редакция | |
| Контролно поле | 20250118140728.0 |
| 008 - Елементи от данни с фиксирана дължина | |
| fixed length control field | 180409b bul|||||r ||||||| ||bul|| |
| 010 ## - Наследен системен номер | |
| LC control number | KNG00115017000 |
| 020 ## - Международен стандартен номер на книга ISBN | |
| Международен стандартен номер на книга ISBN | 954-8456-78-8 |
| -- | издат.: Унискорп |
| 040 ## - Източник на каталожния запис | |
| Идентификатор на билиотеката - собственик на записа | BLK |
| 041 ## - Код за език | |
| Код за езика на текст/звукозапис или на отделно заглавие | Български |
| Код за езика КДБФ | Български |
| 080 ## - УДК | |
| Текстов определител УДК | История на Франция |
| УДК код - определител по УДК | 944 |
| УДК определител | -058.2(092)(035) |
| УДК - код + определител | 944-058.2(092)(035) |
| 080 ## - УДК | |
| Текстов определител УДК | Биографии |
| УДК код - определител по УДК | 929 |
| УДК определител | (44) |
| УДК - код + определител | 929(44) |
| 100 1# - Редна дума - Автор | |
| Автор | Броли, Еманюел дьо |
| Авторска отговорност | първи автор |
| R(LIN) | 43409 |
| 139 ## - Редно поле | |
| Редна дума | Кралете на Франция |
| Авторски знак | Крал - К 89 |
| 245 10 - Сведения за заглавието | |
| Заглавие | Кралете на Франция |
| Редно поле (дума) | Еманюел дьо Броли; * Брюно Санторам; * Еманюел Дюкам; * Стефан Геган; * Гийом Пикон; * Люк Томасен; прев. от фр. Елена Константинова. |
| 257 ## - Страна на издаване | |
| Страна на създаване/издаване | Франция |
| 260 ## - Област на издателските данни | |
| -- | София |
| Име на издателя, разпространителя и проч. | Унискорп |
| Година на издаване | 2004 |
| 300 ## - Физическа характеристика | |
| Страници | 120 с. |
| Илюстрации и др. | с цв. ил. |
| Размери/Мащаб | 22 см |
| 380 ## - Жанр | |
| Жанр | История |
| 490 1# - СЕРИИ (Колекции) | |
| Име на серия | Енциклопедична колекция от А до Я |
| 490 1# - СЕРИИ (Колекции) | |
| -- | Подсерия |
| Име на серия | Серия История |
| 500 ## - Общи забележки | |
| Забележка | Други авт. : Б. Санторам, Е. Дюкам, С. Геган, Г. Пикон, Л. Томасен. - Без сведение за ориг. загл. - Офс. изд. - Съдържа и Хронология. - Библиогр. с. 120. |
| 504 ## - Забележка за наличие на библиография и др | |
| Забележка за наличие на библиография и под. | 120 |
| 650 #4 - Допълнително описание по предмет – тема | |
| Основно описание – тема или топоним | Франция - история |
| 9 (RLIN) | 269404 |
| 650 #4 - Допълнително описание по предмет – тема | |
| Основно описание – тема или топоним | Крале, френски |
| 9 (RLIN) | 311211 |
| 650 #4 - Допълнително описание по предмет – тема | |
| Основно описание – тема или топоним | Монархии - Европа |
| 9 (RLIN) | 162641 |
| 651 #4 - Допълнително описание по предмет - топоним | |
| Географско понятие | Франция |
| 9 (RLIN) | 179722 |
| 653 ## - Ключова дума – ненормативна | |
| Ключова дума | крале |
| 653 ## - Ключова дума – ненормативна | |
| Ключова дума | монархии |
| 653 ## - Ключова дума – ненормативна | |
| Ключова дума | Франция |
| 653 ## - Ключова дума – ненормативна | |
| Ключова дума | история |
| 700 1# - Други автори (авторска отговорност) | |
| Лично име | Санторам, Брюно |
| Автороска отговорност (Описва отношението между автора и произведението) | * |
| 9 (RLIN) | 118842 |
| 700 1# - Други автори (авторска отговорност) | |
| Лично име | Дюкам, Еманюел |
| Автороска отговорност (Описва отношението между автора и произведението) | * |
| 9 (RLIN) | 66167 |
| 700 1# - Други автори (авторска отговорност) | |
| Лично име | Геган, Стефан |
| Автороска отговорност (Описва отношението между автора и произведението) | * |
| 9 (RLIN) | 51643 |
| 700 1# - Други автори (авторска отговорност) | |
| Лично име | Пикон, Гийом |
| Автороска отговорност (Описва отношението между автора и произведението) | * |
| 9 (RLIN) | 110660 |
| 700 1# - Други автори (авторска отговорност) | |
| Лично име | Томасен, Люк |
| Автороска отговорност (Описва отношението между автора и произведението) | * |
| 9 (RLIN) | 130003 |
| 700 1# - Други автори (авторска отговорност) | |
| Лично име | Константинова, Елена |
| Автороска отговорност (Описва отношението между автора и произведението) | прев. от фр. |
| 9 (RLIN) | 246444 |
| 852 ## - Местоположение | |
| Форматна сигнатура | Цб 220877 |
| 856 4# - Електронен адрес и достъп | |
| Електронен формат | pdf - файл |
| Път до файла /url/ | |
| 856 4# - Електронен адрес и достъп | |
| Електронен формат | pdf - файл |
| Път до файла /url/ | |
| 942 ## - АРТИКУЛИ | |
| Вид на библиотечния материал | Книги |
| Скрит в OPAC | Не |
| Koha issues (borrowed), all copies | 3 |
| 944 ## - СЪЗДАВАНЕ И РЕДАКЦИЯ на ЗАПИСА | |
| Създаване/Редакция | Създаване |
| Дата на регистрацията/редакция | 16.09.2004 |
| Статус, дата на статуса | Иваничка Йорданова |
| Служител, извършил регистрацията/редакцията | 30553 |
| 944 ## - СЪЗДАВАНЕ И РЕДАКЦИЯ на ЗАПИСА | |
| Създаване/Редакция | Редакция |
| Дата на регистрацията/редакция | 15.09.2017 |
| Статус, дата на статуса | ф / |
| Служител, извършил регистрацията/редакцията | Людмила_Стоянова |
| 999 ## - СИСТЕМНИ КОНТРОЛНИ НОМЕРА | |
| Koha biblionumber | 109698 |
| Koha biblioitemnumber | 109698 |
| Код за отписване | Код за изгубен артикул | Източник на класификационната схема | Код за повреда | Коз за рестрикции | Код за отдаване | Артикулен № | Име на библиотеката - собственик | Име на библиотеката, в която се намира в момента | Статус (Текущо местоположение) | Дата на вписване в системата | Местоположение - отдел | Цена в лева | Инвентарен номер | Систематично азбучна сигнатура | Баркод | Номер на екземпляра | Цена в евро | Служебна бележка | Служебен тип на артикула |
|---|---|---|---|---|---|---|---|---|---|---|---|---|---|---|---|---|---|---|---|
| Не е изгубен | Universal Decimal Classification | Не е повреден | без рестрикции | заемане за дома | 176727 | Регионална библиотека "Любен Каравелов" Русе | Регионална библиотека "Любен Каравелов" Русе | Заемна - подръчен фонд | 2004-09-16 | Заемна - подръчен фонд | 12.00 | 120000688509 | 94(44)/К 89 | 120000688509 | 1 | 6.14 | Дост: Pk Вид: Ф N: 8885 Дата: 07.09.2004 Дата инв: 07.02.2018 Бележки инв: П2018 | Книги | |
| Не е изгубен | Universal Decimal Classification | Не е повреден | без рестрикции | ползва се в читалня | 176728 | Регионална библиотека "Любен Каравелов" Русе | Регионална библиотека "Любен Каравелов" Русе | Читалня | 2004-09-16 | Читалня | 12.00 | 120000688510 | Ч 93/94/К 89 | 120000688510 | 2 | 6.14 | Дост: Pk Вид: Ф N: 8885 Дата: 07.09.2004 Дата инв: 28.03.2017 Бележки инв: Ч2017 | Книги | |
| Не е изгубен | Не е повреден | без рестрикции | ползва се в читалня | 176729 | Регионална библиотека "Любен Каравелов" Русе | Регионална библиотека "Любен Каравелов" Русе | Хранилище | 2005-11-28 | Хранилище | 12.00 | 120000698460 | Цб 220877 | 120000698460 | 3 | 6.14 | Дост: Dp Вид: Д N: 48 Дата: 17.11.2004 | Книги | ||
| Изтеглен | Не е изгубен | Universal Decimal Classification | Не е повреден | без рестрикции | заемане за дома | 176730 | Регионална библиотека "Любен Каравелов" Русе | Регионална библиотека "Любен Каравелов" Русе | Заемна - подръчен фонд | 2006-06-28 | Заемна - подръчен фонд | 12.00 | 120000703506 | 94(44)/К 89 | 120000703506 | 4 | 6.14 | Дост: DA Вид: А N: 12 Дата: 28.06.2006 Дата инв: 07.02.2018 Бележки инв: П2018 | Книги |
| Не е изгубен | Universal Decimal Classification | Не е повреден | без рестрикции | заемане за дома | 176731 | Регионална библиотека "Любен Каравелов" Русе | Регионална библиотека "Любен Каравелов" Русе | Заемна - подръчен фонд | 2008-01-30 | Заемна - подръчен фонд | 12.00 | 120000722714 | 94(44)/К 89 | 120000722714 | 5 | 6.14 | Дост: DA Вид: А N: 1 Дата: 30.01.2008 Дата инв: 07.02.2018 Бележки инв: П2018 | Книги | |
| Не е изгубен | Universal Decimal Classification | Не е повреден | без рестрикции | заемане за дома | 176732 | Регионална библиотека "Любен Каравелов" Русе | Регионална библиотека "Любен Каравелов" Русе | Заемна - подръчен фонд | 2017-08-19 | Заемна - подръчен фонд | 12.00 | 120000814326 | 94(44)/К 89 | 120000814326 | 6 | 6.14 | Дост: DA Вид: А N: 33 Дата: 19.08.2017 Дата инв: 07.02.2018 Бележки инв: П2018 | Книги |